| 000 | nam a22 a 4500 | ||
|---|---|---|---|
| 999 |
_c1676 _d1676 |
||
| 003 | AKMAL | ||
| 005 | 20170511122905.0 | ||
| 008 | 170511s2007 my a e | f000 0 may d | ||
| 020 | _a9789839224290 (kkt.) | ||
| 040 |
_aAKMAL _cAKMAL |
||
| 082 | 0 | 4 |
_a352.448595 JAN _222 |
| 090 | 0 | 0 |
_a352.448595 _bJAN |
| 100 | 0 |
_aJonathan Kandok, _d1957 _93436 |
|
| 245 | 1 | 0 |
_aCustoms moving forward = _bKastam menuju ke hadapan : perkhidmatan kastam dihormati, diiktiraf dan bertaraf dunia / _cJonathan Kandok |
| 246 | 3 | 1 |
_aKastam menuju ke hadapan : _bperkhidmatan kastam dihormati, diiktiraf dan bertaraf dunia |
| 260 |
_aPutrajaya : _bYayasan Kebajikan Kastam Malaysia, _c2007 |
||
| 300 |
_a182ms. : _bil. wrn. ; _c18cm. |
||
| 504 | _aBibliografi: ms. 180 | ||
| 650 | 1 | 0 |
_aCustoms administration _zMalaysia _9491 |
| 650 | 2 | 0 |
_aPublic administration _zMalaysia _9419 |
| 942 |
_2ddc _cBOOK |
||